| 000 | 01008nmc a2200349 a 4500 | ||
|---|---|---|---|
| 003 | AR-BaBNM | ||
| 005 | 20251128204550.0 | ||
| 008 | 011101s1995 ||||||||||||||000 | spa|| | ||
| 020 | _a950-701-301-6 | ||
| 040 | _cAR-BaBNM | ||
| 100 | 1 | _aCarretero, Mario | |
| 245 | 1 | 0 | _aConstruir y enseñar las ciencias sociales y la historia |
| 250 | _a1ª ed. | ||
| 260 |
_aBuenos Aires _bAique _c1995 |
||
| 300 | 0 |
_a157 p. _btablas |
|
| 490 | 0 | _aTransformación | |
| 504 | _aBibliografía al final de cada capítulo | ||
| 650 | 4 | _aENSENANZA DE LA HISTORIA | |
| 650 | 4 | _aENSENANZA DE LAS CIENCIAS SOCIALES | |
| 650 | 4 | _aPROCESO COGNOSCITIVO | |
| 650 | 4 | _aDIDACTICA | |
| 650 | 4 | _aSOLUCION DE PROBLEMAS | |
| 650 | 4 | _aRAZONAMIENTO | |
| 650 | 4 | _aCAUSALIDAD | |
| 650 | 4 | _aPENSAMIENTO CRITICO | |
| 653 | 0 | _aCONSTRUCTIVISMO | |
| 700 | 1 |
_aJacott, Liliana _ecolaborador |
|
| 700 | 1 |
_aLimón, Margarita _ecolaborador |
|
| 700 | 1 |
_aLópez-Manjón, Asunción _ecolaborador |
|
| 942 | _cBK | ||
| 998 | _cMarce | ||
| 999 |
_c7942 _d7942 |
||